Normal view
MARC view
- Pérez Álvarez, Luis
Entry Nombre Personal
001 - NUMERO DE CONTROL
- campo de control: 48983
003 - IDENTIFICADOR DE NUMERO DE CONTROL
- campo de control: DLC
005 - FECHA Y HORA DE LA ÜLTIMA TRANSACCIÓN
- campo de control: 20230526102152.0
008 - DATOS DE LONGITUD FIJA
- campo de control de longitud fija: 230526n| azannaabn |a aaa
010 ## - NÚMERO DE CONTROL DE LA BIBLIOTECA DEL CONGRESO
- Número de control LC: n 2016061254
040 ## - FUENTE DE CATALOGACIÓN
- Agencia original de catalogación: DLC
- Lenguaje de catalogación: spa
- Description conventions: rda
- Agencia de transcripción: DLC
- Agencia que lo modifica: MX-MxUPN
100 1# - ENCABEZAMIENTO - NOMBRE PERSONAL
- Nombre personal: Pérez Álvarez, Luis
370 ## - LUGAR ASOCIADO
- Other associated place: Cuautla Morelos (México)
- Other associated place: Ciudad de México (México)
- Fuente del término: naf
372 ## - CAMPO DE ACTIVIDAD
- Field of activity: Ciencias sociales
- Field of activity: Psicología clínica
- Fuente del término: lcsh
373 ## - GRUPO ASOCIADO
- Associated group: Facultad de Estudios Superiores de Cuautla
373 ## - GRUPO ASOCIADO
- Associated group: Universidad Nacional Autónoma de México. Facultad de Psicología
- Fuente del término: naf
374 ## - OCUPACIÓN
- Occupation: Científico social
- Fuente del término: lcsh
377 ## - LENGUA ASOCIADA
- Language code: spa
400 1# - VEÁSE - NOMBRE DE PERSONA
- Personal name: Álvarez, Luis Pérez
670 ## - FUENTE EN LA QUE SE LOCALIZARON DATOS
- Cita de la fuente: Creaciones del imaginario social, 2015:
- Información localizada: portada (Luis Pérez Álvarez) solapa delantera (dr. in social sciences and prof. and researcher at the Fac. de Estudios Superiores de Cuautla (FESC) of the Univ. Aut. del Estado de Morelos; belongs to the Seminario Institucional Cultura, Educación e Imaginario Social; founding member of the Seminario Interinstitucional Psique, Educación y Sociedad; belonds to the research group "Estilos de vida y transdisciplina en salud y educación") p. 68 (bib. ref. for his master's thesis in clinical psychology at Fac. de Psicología, México, UNAM)
902 ## - CATALOGADOR
- Catalogador: NDAF/260523
